Basic business statistics : concepts and applications /
Guardado en:
| Autor Principal: | |
|---|---|
| Otros Autores: | |
| Formato: | Libro |
| Idioma: | English |
| Publicado: |
Englewood Cliffs, N.J. :
Prentice-Hall,
c1979.
|
| Materias: | |
| Etiquetas: |
Agregar Etiqueta
Sin Etiquetas, Sea el primero en etiquetar este registro!
|
| LEADER | 00951pam a22002655a 4500 | ||
|---|---|---|---|
| 001 | EIQ.libpla000338 | ||
| 008 | 781128s1979####njua#####b####001#0#eng#d | ||
| 005 | 20060512152552.0 | ||
| 245 | 1 | 0 | |a Basic business statistics : |b concepts and applications / |c Mark L. Berenson, David M. Levine. |
| 260 | |a Englewood Cliffs, N.J. : |b Prentice-Hall, |c c1979. | ||
| 300 | |a xv, 719 p. : |b il. ; |c 25 cm. | ||
| 504 | |a Incluye referencias bibliográficas e índice. | ||
| 020 | |a 0130575968 | ||
| 100 | 1 | |a Berenson, Mark L. | |
| 700 | 1 | |a Levine, David M., |d 1946- | |
| 082 | 0 | 0 | |a 519.5 |
| 650 | 4 | |a Estadistica comercial |x Conceptos. | |
| 650 | 4 | |a Economía |x Estadística. | |
| 650 | 4 | |a Estadistica comercial |x Aplicaciones. | |
| 650 | 4 | |a Commercial statistics |x Concepts. | |
| 650 | 4 | |a Commercial statistics |x Applications. | |
| 650 | 4 | |a Economics |x Statistics. | |
| 010 | |a 78025734 | ||
| 040 | |a DLC |c DLC |d AR-BbSID | ||
| 859 | |a AR-BbSID |b BIB. PLAPIQUI |h 519.5 |i Be 35 |p 4736 | ||
